00289nam a2200097Ia 4500008004100000100001800041245005600059245001900115260000900134856004800143160531s9999 xx 000 0 und d aWyant, Jerry. aBasic Economics for Students and Non-Students Alike cBy Jerry Wyant c2013 uhttp://www.smashwords.com/books/view/303648